000 00959nam a2200253Ia 4500
003 OSt
005 20221005103202.0
006 a|||||r|||| 00| 0
007 ta
008 221004b |||||||| |||| 00| 0 hin d
024 _a108566
037 _cTextual
040 _aCRL
_cCRL
_bhin
041 _2hin
_ahin
082 _aO152,1J90,11:g, J2
100 _aश्रीवास्तव, स्नेहलता
245 0 _aनन्ददास का भॅंवरगीत
_b विवेचन और विश्लेषण
246 _aNandadās kā bhaॅanvaragīta: vivechan aur vishleṣhaṇa
260 _aकानपुर
_bचैतन्य प्रकाशन भारत
_c1952
300 _a198पृ0
_ccm.
650 _aहिन्दी साहित्य
942 _hO152,1J90,11:g, J2
_cTEXL
_2cc
999 _c1009590
_d1009590